| 000 | 00505nam a2200169Ia 4500 | ||
|---|---|---|---|
| 008 | 190425s9999 xx 000 0 und d | ||
| 100 | _aMarcelo, Elizabeth | ||
| 245 | _aCOA flags NFA over rice allocation increase/ | ||
| 245 | _cElizabeth Marcelo, Delon Porcalla, Evelyn Macairan, Ding Cervantes | ||
| 260 | _bThe Philippine Star | ||
| 260 | _c2018 | ||
| 300 | _aPage 6, August 28 | ||
| 440 |
_aThe Philippine Star _v33: 32 |
||
| 650 | _aagriculture | ||
| 650 | _arice | ||
| 650 | _arice allocation | ||
| 999 |
_c361655 _d361655 |
||